00716nam a2200205Ia 4500008004100000020001500041050001900056050001400075245005100089245005500140260001900195260003400214260000900248300002200257500010400279650003300383650003200416700003100448700003100479160319s9999 xx 000 0 und d a9715422411 aFil 899.21009  bL727 1997 4aThe Likhaan book of poetry and fiction 1997 /  cGemino H. Abad, Cristina Pantoja Hidalgo, editors. aQuezon City :  bU.P. Creative Writing Center, c1997 a xiv, 328 pages : a"A joint project of Likhaan: U.P. Creative Writing Center and University of the Philippines Press." aPhilippine fiction (English) aPhilippine poetry (English) aAbad, Gemino Henson, 1939- aHidalgo, Cristina Pantoja.